Osnovy analiza dispersnogo sostava promyšlennych pylej i izmeľčennych materialov /

Gespeichert in:
Bibliographische Detailangaben
1. Verfasser: Kouzov, Petr Arkaďjevič (VerfasserIn)
Format: Buch
Sprache:Russisch
Veröffentlicht: Leningrad : Chimija, 1971
Ausgabe:[1. izd.]
Schlagworte:
Online-Zugang: Volltext
Tags: Tag hinzufügen
Keine Tags, Fügen Sie den ersten Tag hinzu!

MARC

LEADER 00000cam a2200000 4500
003 SK-BrCVT
005 20220621170252.0
008 081219s1971 rur e ||||||rus d
035 |a CVTIDW1473445 
040 |b slo  |a CVTI SR  |e AACR2 
041 0 |a rus 
044 |a rur 
100 1 |a Kouzov, Petr Arkaďjevič  |4 aut 
245 1 0 |a Osnovy analiza dispersnogo sostava promyšlennych pylej i izmeľčennych materialov /  |c Petr Arkaďjevič Fieser 
250 |a [1. izd.] 
260 |a Leningrad :  |b Chimija,  |c 1971 
300 |a 278 s. 
653 1 |a disperzná sústava  |a priemyselný prach  |a rozdrobený materiál 
910 |b A266458 
974 |f Knihy 
992 |a AMG 
999 |c 179691  |d 179691